| 000 | 01349nam2a22002771 4500 | ||
|---|---|---|---|
| 001 | v19\rc\1759446 | ||
| 005 | 20250619064128.0 | ||
| 035 | _a(NLR Aleph) 004860473 | ||
| 090 |
_a5006041 _c5006041 |
||
| 100 | _a20061204d1905 |||y0rusy50 ca | ||
| 101 | 1 |
_arus _cger |
|
| 102 | _aRU | ||
| 105 | _ay z ||||| | ||
| 200 | 1 |
_aТеория капиталистического развития _fПер. с нем. под ред. пр.-доц. Петерб. ун-та М.А. Курчинского |
|
| 210 |
_d1905 _aБ. м. |
||
| 215 | _a[2], IV, 596 с. | ||
| 320 | _aБиблиогр.: "Некоторые замечания о литературе по теории развития городов в 18 столетии" (стр. 227-228) | ||
| 461 | 0 |
_1001v19\rc\1759443 _12001#$a... Современный капитализм$eТ. 1-2$vТ. 2 _1700#1$aЗомбарт$bВ.$f1863-1941$gВернер$3RU\NLR\AUTH\77114188 _95006016 _aЗомбарт, В. (1863-1941) _cМосква _d1903-1905 _nД.С. Горшков _oТ. 1-2 _p3 т. _tСовременный капитализм _vТ. 2 |
|
| 702 | 1 |
_aКурчинский _bМ.А. _f1876- _gМихаил Анатольевич _4340 |
|
| 801 | 0 |
_aRU _bNLR _gpsbo |
|
| 801 | 1 |
_aRU _bProSoft-M _2rusmarc |
|
| 852 |
_aNLR _j38.68.4.19 |
||
| 852 |
_aNLR _j133/4087 |
||
| 942 | _cBOOK | ||
| 980 | _aNB | ||